000 00628nam a2200181 a 4500
001 000046651
005 20201002053025.0
008 090728s2016 dr 000 0 spa d
040 _aDO-SdBNP
_bspa
_cBNPHU
082 _axxx
_bR426l,
110 2 _aRepública Dominicana
_9447
240 1 0 _a[Leyes, etc.]
245 1 0 _aLey 631-16 :
_bLey para el control y regulación de armas municiones y marteriales relacionados /
_ceditor Héctor Bienvenido Guzmán.
260 _aSanto Domingo :
_bEditora Dalis,
_c2016.
300 _a72 p. ;
_c21 cm.
590 _aInventariado, 2018 / VM
700 1 2 _aHéctor Bienvenido Guzmán
_eed.
_974624
999 _c46140
_d46140